Fast Food Restaurants Without Vowels #2 - Statistics

General Stats
  • This quiz has been taken 70 times
  • The average score is 11 of 16
Answer Stats
Without Vowels With Vowels % Correct
Strbcks Starbucks
98%
Sbwy Subway
98%
Wndys Wendy's
98%
Fv Gys Five Guys
92%
Jck N Th Bx Jack In The Box
90%
Lttl Csrs Little Caesars
90%
Krspy Krm Krispy Kreme
87%
Snc Sonic
78%
Wngstp Wingstop
78%
Tm Hrtns Tim Hortons
76%
Bjngls Bojangles'
54%
Clvrs Culver's
46%
Dl Tc Del Taco
46%
Ms Sthwst Grll Moe's Southwest Grill
43%
Mclstrs Dl McAlister's Deli
37%
Qdb Qdoba
37%
No matching quizzes found
Score Distribution
Percent of People with Each Score
Percentile by Number Answered
Your Score History
You have not taken this quiz